Hodnotenie podnikov pomocou skóringovej funkcie dizertačná práca

Uložené v:
Podrobná bibliografia
Hlavný autor: Janisová, Marianna
Korporativný autor: Fakulta podnikového manažmentu EU. Katedra podnikových financií
Ďalší autori: Harumová, Anna, 1955-
Médium: Kniha
Jazyk:Slovak
Vydavateľské údaje: Bratislava 2013
Predmet:
Tagy: Pridať tag
Žiadne tagy, Buďte prvý, kto otaguje tento záznam!

MARC

LEADER 00000nbm a2200000 4500
001 0176211
005 20240502073014.5
041 0 |a slo 
044 |a SK 
245 1 0 |a Hodnotenie podnikov pomocou skóringovej funkcie  |b dizertačná práca  |c Marianna Janisová ; školiteľ: Anna Harumová 
264 1 |a Bratislava  |c 2013 
300 |a 95 s. 
610 2 0 |a výkonnosť podniku 
610 2 0 |a solventnosť 
610 2 0 |a financie podnikové 
610 2 0 |a rozhodovanie podnikové 
610 2 0 |a riadenie podnikové 
610 2 0 |a ukazovatele finančné 
100 1 |a Janisová, Marianna 
700 1 |a Harumová, Anna, 1955- 
710 2 |a Fakulta podnikového manažmentu EU. Katedra podnikových financií